000
00279nam a2200097 a 4500
005
20201002052306.0
008
150413s1995 000 spa d
245
0
_a
Manual de historia crítica Dominicana.
260
_a
Santo Domingo, República Dominicana,
_c
1995.
999
_c
45003
_d
45003
040
_a
DO-SdBNP